[Event "7th RTU Open 2017"]
[Site "Riga"]
[Date "2017.08.13"]
[Round "9"]
[White "Schroeder, Jan-Christian"]
[Black "Smirin, Ilia"]
[Result "1/2-1/2"]
[WhiteElo "2539"]
[BlackElo "2634"]
[Annotator "TA"]
[PlyCount "55"]
[EventDate "2017.??.??"]
[EventType "swiss"]
[EventCountry "LAT"]
[SourceTitle "playchess.com"]
[Source "ChessBase"]
[SourceQuality "1"]

{[%evp 10,55,16,21,18,13,21,27,22,29,28,20,64,52,58,61,57,57,79,80,80,80,87,94,92,107,93,93,94,91,91,91,96,96,110,93,87,103,94,87,112,87,85,84,68,67,118,43]} 1. e4 c5 2. Nf3 e6 3. d4 cxd4 4. Nxd4 a6 5. g3 d5 6. Nb3 {LiveBook: 5 Games. B41: Sicilian: Kan Variation: 5 c4} dxe4 7. Qxd8+ Kxd8 8. N1d2 {The position is equal.} f5 $146 ({Find the theoretical novelty and annotate with similar games:} 8... Nf6 9. Bg2 b5 10. Nxe4 Bb7 11. f3 Nbd7 12. Bd2 Rc8 13. O-O-O Ke8 {½-½ (41) Buhmann,R (2588)-Rehberg,R (2264) Apolda 2017}) 9. f3 exf3 10. Nxf3 Nc6 11. Bf4 {[%mdl 1024] White has compensation.} Nf6 12. O-O-O+ Ke8 13. Bg2 Nd5 14. Bd2 Be7 15. Rhe1 Kf7 16. Na5 {Hoping for Nxc6.} Bf6 17. Nxc6 bxc6 18. c4 Ne7 19. Ng5+ Bxg5 20. Bxg5 Ra7 21. Rd6 h6 22. Bxe7 (22. Bd2 {seems wilder.} a5 23. Re5 a4 24. Be3 Ra6 25. Bf3) 22... Rxe7 23. Bxc6 h5 24. b4 h4 25. b5 hxg3 26. hxg3 axb5 27. cxb5 Bb7 ({Better is} 27... Ra7 $1 $14) 28. Bxb7 {Precision: White = 87%, Black = 76%.} (28. Kb2 $16) 1/2-1/2

[Event "7th RTU Open 2017"]
[Site "Riga"]
[Date "2017.08.13"]
[Round "9"]
[White "Bailet, Pierre"]
[Black "Haldorsen, Benjamin"]
[Result "1-0"]
[WhiteElo "2536"]
[BlackElo "2362"]
[Annotator "TA"]
[PlyCount "97"]
[EventDate "2017.??.??"]
[EventType "swiss"]
[EventCountry "LAT"]
[SourceTitle "playchess.com"]
[Source "ChessBase"]
[SourceQuality "1"]

{[%evp 16,97,29,15,33,7,62,-8,9,-50,-42,-47,-55,-48,-49,-52,-39,-54,-21,-9,34,47,36,41,23,12,14,18,26,22,38,12,120,114,195,195,202,212,193,203,498,498,486,483,505,356,358,362,375,347,328,308,306,308,251,218,315,256,315,315,363,329,364,332,316,288,606,606,595,577,1164,998,1771,1416,6119,6014,953,593,5414,5407,5047,5047,4686,2049]} 1. c4 e5 2. g3 Nc6 3. Bg2 Bc5 4. Nc3 a6 5. e3 Ba7 6. Nge2 {A25: English Opening vs King's Indian with ...Nc6 but without early d3} d6 7. d4 (7. b3 Nge7 8. Bb2 h5 9. h4 Bg4 10. d3 Qd7 11. Qd2 Rb8 12. Rc1 O-O 13. Ne4 {1-0 (51) Topalov,V (2749)-Grischuk,A (2761) Paris 2017}) 7... h5 8. h3 h4 9. g4 {LiveBook: 3 Games} f5 10. gxf5 Bxf5 11. e4 $146 ({White should play} 11. Qb3 $14 Rb8 12. d5) ({Predecessor:} 11. d5 Nce7 12. Ne4 {0-1 (36) Kouskoutis,G (2237)-Rychagov,A (2536) Heraklion 2017}) 11... Bd7 {[%cal Rc6d4]} 12. Be3 (12. dxe5 $11 Nxe5 13. f4 Nxc4 14. e5) 12... exd4 $15 13. Nxd4 Bxd4 14. Bxd4 Qg5 15. Bf3 Nxd4 16. Qxd4 Nf6 17. Ke2 $1 Qe5 18. Qxe5+ dxe5 19. Rag1 Kf7 20. Rg5 Rae8 21. Nd5 $36 {[%mdl 2048] White fights for an advantage.} Nxd5 22. cxd5 {Black should prevent Rhg1.} g6 23. Rhg1 {With the idea Bg4.} Rh6 (23... Bxh3 $11 24. Rxg6 Re7) 24. Bg4 $16 Bb5+ (24... Bxg4+ $16 {was called for.} 25. R1xg4 (25. R5xg4 c6 $16) 25... c6) 25. Ke3 $18 Kf6 {[#]} 26. f4 $1 exf4+ 27. Kxf4 Rxe4+ $2 (27... Rf8 28. b3 Ke7+ 29. Ke3 Rf1 30. Rxf1 Bxf1) 28. Kxe4 Kxg5 {[%mdl 4096] Endgame [#] KRB-KRB} 29. a4 $1 {[%mdl 512]} Bxa4 30. Bd1+ Kf6 {Hoping for ...Bd7.} 31. Bxa4 {KRB-KR} Rh7 32. Bc2 Re7+ 33. Kf3 g5 34. Be4 Rg7 35. Ke3 Ke5 (35... a5 $142 36. Bf3 Ke5) 36. Bf3 Rg6 37. b4 Rg8 38. Rg4 Rg6 39. Bg2 Kd6 40. Kd4 c6 $2 (40... Rg7 41. Re4 Rf7 42. Re6+ Kd7) 41. dxc6 {White is clearly winning.} bxc6 42. Kc4 Kc7 43. Kc5 Kb7 44. Re4 Kc7 45. Bf3 Rf6 46. Bg4 Rf1 47. Re7+ Kd8 48. Ra7 Rc1+ 49. Kd6 {Precision: White = 73%, Black = 42%.} 1-0

[Event "7th RTU Open 2017"]
[Site "Riga"]
[Date "2017.08.13"]
[Round "9"]
[White "Dastan, Muhammed Batuhan"]
[Black "Bakalchuk, Johnatan"]
[Result "1/2-1/2"]
[WhiteElo "2529"]
[BlackElo "2394"]
[Annotator "TA"]
[PlyCount "114"]
[EventDate "2017.??.??"]
[EventType "swiss"]
[EventCountry "LAT"]
[SourceTitle "playchess.com"]
[Source "ChessBase"]
[SourceQuality "1"]

{[%evp 20,114,101,102,95,97,87,85,72,74,118,60,58,60,60,35,49,40,33,15,15,15,15,15,15,0,0,0,0,0,15,15,16,10,39,0,0,-47,-52,-45,18,0,25,8,11,25,24,21,22,0,8,0,0,0,0,0,0,-6,0,-77,-70,-407,-316,-925,13,13,13,13,12,12,12,12,12,12,12,12,12,12,12,12,13,12,12,16,18,13,16,8,16,8,8,8,8,0,0,0,0]} 1. Nf3 Nf6 2. g3 g6 3. b3 Bg7 4. Bb2 O-O 5. Bg2 d6 6. d4 e5 7. dxe5 Nfd7 8. Qd2 Nc6 {A49: 1 d4 Nf6 2 Nf3 g6 3 g3: Anti-King's Indian systems} 9. Nc3 Ndxe5 10. Nxe5 Bxe5 11. O-O-O {LiveBook: 7 Games} a5 12. Kb1 Be6 13. a4 $146 ({Predecessor:} 13. h3 Bg7 14. f4 f5 15. e4 fxe4 16. Bxe4 {1-0 (46) Sale,S (2445)-Ljubicic,F (2335) Zadar 1994}) 13... Re8 14. h3 f5 15. Nb5 (15. h4 $16) 15... Bxb2 $14 16. Kxb2 Qf6+ 17. Qc3 (17. Kb1 {with more complications.} Re7 18. h4 Bf7 19. h5 g5 20. Nc3) 17... Qxc3+ 18. Kxc3 (18. Nxc3 {feels hotter.} Kg7 19. h4 Rab8 20. Rde1 Ne5 21. e4) 18... Re7 19. Rhe1 Rf8 20. e3 Bc8 21. Kb2 Kg7 22. Rd3 Nb4 23. Rd4 Na6 24. Nc3 Nb4 25. h4 h6 26. Ne2 g5 27. c3 (27. Nc3 {is interesting.} b6 28. Rh1 Bd7 29. Rd2 g4 30. Ra1) 27... Nc6 28. Bxc6 bxc6 29. b4 Ba6 (29... Be6 $15) 30. Nc1 f4 31. hxg5 fxg3 32. gxh6+ Kxh6 33. fxg3 Rf2+ 34. Kb3 axb4 35. Rxb4 (35. Rg4 $5 {[%cal Re1h1]} Kh5 36. Rxb4 $11) 35... Kg5 36. Rb8 Kg4 37. Ra8 Bf1 38. a5 Re5 {...Rb5+ is the strong threat.} 39. c4 {[#]} ({Much worse is} 39. a6 Rb5+ 40. Ka4 Rb1 $15) (39. Rd1 $1 $11 {keeps the balance.}) 39... Rc5 $1 $17 40. a6 $2 {[%mdl 8192]} (40. Rxf1 $15 Rxf1 41. Nd3) 40... Bxc4+ $19 41. Kb4 $2 (41. Ka4 Bxa6 42. Rxa6 Rxc1 43. Rxc1 Ra2+ 44. Kb3 Rxa6 45. Rg1) 41... Bxa6 $2 (41... Rc2 $19 {( -> ...Rb5+)} 42. Ka4 Rb5) 42. Rxa6 $11 {aiming for Nd3.The position is equal.} Rb2+ 43. Ka3 Rb1 44. Ra4+ Kg5 45. Nd3 Rc3+ 46. Ka2 Rxe1 47. Nxe1 {Strongly threatening Re4.} Rxe3 {[%mdl 4096] Endgame KRN-KR} 48. Nc2 Rxg3 49. Ra7 c5 50. Rxc7 Kf6 51. Na3 Ke6 52. Nb5 Kd5 53. Rc8 Rh3 54. Rd8 Kc6 55. Nxd6 Rd3 56. Rc8+ Kd7 57. Rxc5 Rxd6 {Precision: White = 39%, Black = 63%.} 1/2-1/2

[Event "7th RTU Open 2017"]
[Site "Riga"]
[Date "2017.08.13"]
[Round "9"]
[White "Ali Marandi, Cemil Can"]
[Black "Zaiatz, Elena"]
[Result "1/2-1/2"]
[WhiteElo "2526"]
[BlackElo "2316"]
[Annotator "TA"]
[PlyCount "80"]
[EventDate "2017.??.??"]
[EventType "swiss"]
[EventCountry "LAT"]
[SourceTitle "playchess.com"]
[Source "ChessBase"]
[SourceQuality "1"]

{[%evp 9,80,-1,25,4,23,19,49,43,108,47,35,62,104,0,11,3,0,0,0,5,0,24,32,21,31,-16,0,0,0,0,0,0,0,0,-6,0,0,0,0,0,26,6,251,179,260,16,17,17,17,14,37,36,40,39,50,0,0,0,0,0,0,0,0,0,0,0,0,0,0,0,0,0,0]} 1. d4 Nf6 2. Bf4 d5 3. e3 g6 4. Nc3 Bg7 5. h4 h6 (5... c6 6. Nf3 Bg4 7. Be2 Nbd7 8. Ne5 Bxe2 9. Qxe2 h5 10. O-O-O Qa5 11. Kb1 {1-0 (44) Karjakin,S (2781)-Giri,A (2771) Stavanger 2017}) 6. Be2 {D00: 1 d4 d5: Unusual lines} a6 7. Nf3 c5 $146 ({Predecessor:} 7... Nbd7 8. Ne5 e6 9. b4 Qe7 10. a3 Nxe5 11. Bxe5 h5 {½-½ (21) Salomon,J (2477)-Esen,B (2528) Lienz 2017}) 8. dxc5 {White is slightly better.} Nbd7 (8... Qa5 $14) 9. Nxd5 (9. Qd4 $16) 9... Nxd5 $14 10. Qxd5 {And now 0-0-0 would win.} Bxb2 {[#]} 11. Rb1 (11. O-O $1 $16 Bxa1 12. c6 (12. Rxa1 Nf6 $16)) 11... Qa5+ $1 $11 12. Kf1 Bg7 $1 13. Ne5 Nxe5 $1 14. Bxe5 Be6 $1 {[%cal Re6d5]} 15. Qe4 Bxe5 16. Qxe5 O-O 17. Bd3 {h5 is the strong threat.} (17. h5 $5 {[%cal Rh5g6]} Qxa2 18. Rxb7 $16) 17... Rac8 18. Rxb7 Rxc5 19. Qf4 Qxa2 20. Kg1 Bc4 21. Rxe7 Bxd3 22. cxd3 Qb1+ (22... Rf5 $5 {[%cal Rf5f4]} 23. Qg3 a5 $14) 23. Kh2 Qxd3 24. e4 Rh5 25. g3 {Strongly threatening Rc1.} g5 $2 (25... Rc5 $11) 26. Qf5 Qe2 {[#]} (26... Qd6 {keeps fighting.}) 27. Kh3 $2 (27. Rg1 $1 $18 {Hoping for e5.} a5 28. e5) 27... gxh4 28. Qg4+ Qxg4+ 29. Kxg4 {[%mdl 4096] Endgame KRR-KRR} Rg5+ 30. Kxh4 Rb8 31. f4 Rg6 32. Rc1 (32. f5 $5 {[%cal Rf5g6]} Kf8 33. Ra7 $14 (33. fxg6 Kxe7 34. gxf7 a5 $11)) 32... Rb2 {[%cal Rb2h2] The position is equal.} 33. Kh3 (33. Re8+ {looks sharper.} Kg7 34. Rh1 a5 35. Ra8 Ra2 36. Ra7) 33... Rb3 $1 {[%cal Rb3g3]} 34. Rg1 Re3 35. e5 Kf8 36. Ra7 h5 37. Kh4 Re2 {[%cal Re2h2]} 38. Rh1 Rg4+ 39. Kxh5 Rxg3 40. Rxa6 Kg7 {Precision: White = 46%, Black = 57%.} 1/2-1/2

[Event "7th RTU Open 2017"]
[Site "Riga"]
[Date "2017.08.13"]
[Round "9"]
[White "Blomqvist, Erik"]
[Black "Gokerkan, Cem Kaan"]
[Result "0-1"]
[WhiteElo "2525"]
[BlackElo "2357"]
[Annotator "TA"]
[PlyCount "100"]
[EventDate "2017.??.??"]
[EventType "swiss"]
[EventCountry "LAT"]
[SourceTitle "playchess.com"]
[Source "ChessBase"]
[SourceQuality "1"]

{[%evp 16,100,41,10,20,9,9,4,29,8,2,1,20,12,36,0,19,8,12,0,19,0,0,0,0,-40,-31,-31,-76,-66,13,-11,25,12,7,0,0,0,47,0,5,0,47,0,59,22,74,7,18,0,0,-20,-20,-20,-20,-53,-20,-25,-20,-71,0,-16,-17,-314,-256,-337,-282,-456,-433,-458,-450,-339,-293,-273,0,-441,-196,-366,-366,-419,-391,-2930,-2843,-2573,-2502,-2329,-1852]} 1. e4 c5 2. Nf3 d6 3. d4 cxd4 4. Nxd4 Nf6 5. Nc3 a6 6. g3 g6 7. Bg2 Bg7 8. O-O O-O 9. b3 b5 $146 {[%cal Bb7b5,Bb5b4][%mdl 32] B91: Sicilian Najdorf: 6 g3} ({Predecessor:} 9... Nc6 10. Nxc6 bxc6 11. Bb2 Qa5 12. Na4 Bg4 13. Qe1 Qh5 14. f3 Bh3 15. g4 Qh6 16. Rd1 g5 17. Bc1 Bxg2 18. Kxg2 {0-1 (50) Carlsen,M (2855)-Nakamura,H (2787) Bilbao 2016}) 10. a4 b4 11. Nd5 Bb7 {The position is equal.} (11... e5 $5 {[%cal Rf6d5]} 12. Bg5 (12. Nxb4 Qb6 $11) 12... Bb7 $14) 12. Re1 e5 $1 {[#] aiming for ...Nxd5.} 13. Nxf6+ Qxf6 14. Nf3 Nc6 15. Be3 a5 16. Qd3 Rfc8 17. Rad1 Bf8 18. h4 Nd8 19. Bg5 Qe6 20. Kh2 Rc3 21. Qb5 {[#] Strongly threatening Bxd8.} f6 22. Be3 (22. Bh3 $2 Qf7 $19) 22... Qc8 ({Better is} 22... Rxc2 $15 23. Nd2 Rc3) 23. Nd2 (23. Bh3 $5 {[%cal Rh3c8]} Qc7 24. Nd2 $15) 23... Bc6 24. Qf1 Bb7 25. Rc1 Ba6 26. Qh1 Qc6 27. Bf1 Bxf1 28. Qxf1 Nf7 29. Nc4 {[%cal Bd2c4,Bc4e3,Be3d5][%mdl 32]} Bh6 (29... f5 $1 $11) 30. Rcd1 {Hoping for Bxh6.} Rxc2 (30... Bxe3 $11 {keeps the balance.} 31. Rxe3 Rxc2) 31. Kg1 (31. Bxh6 $16 {Bd2 is the strong threat.} Nxh6 32. Rxd6) 31... Bxe3 $11 32. Nxe3 Rc5 (32... Qxe4 $2 33. Nd5 $18) 33. Nd5 Kg7 34. Qd3 Rf8 35. Re2 Qd7 36. Red2 Qh3 37. Qf3 (37. Qe2 $11) 37... Qe6 (37... Nd8 $17) 38. Kg2 Rfc8 39. h5 $2 {[%mdl 8192]} (39. Rd3 $11) 39... Ng5 $19 40. h6+ Kf7 {( -> ...Qh3+)} 41. Qe2 $2 (41. Qxf6+ {was forced.} Qxf6 42. Nxf6 Kxf6 43. Rxd6+ Kf7 44. Rd7+ Kg8 45. Rg7+ Kh8 46. Rgd7) 41... Qh3+ 42. Kg1 R8c6 43. Rd3 Rc2 (43... Qxh6 44. Ne3 $19) 44. Qe3 {Threatens to win with Qa7+.} R2c5 $2 ({Wrong is} 44... Qxh6 $2 45. Qa7+ Kg8 46. Ne7+ (46. Nxf6+ Kh8 $11) 46... Kf8 47. Nxc6 $18) ({Black should play} 44... R6c5 $19 45. Nb6 Qxh6) 45. f4 $2 {[%mdl 8192]} ({Avoid the trap} 45. Nxf6 $2 Kxf6 46. Rxd6+ Rxd6 $19) (45. Qe2 $1 $11 {and White is okay.} f5 46. exf5 gxf5 47. g4 Qxg4+ 48. Qxg4 fxg4 49. Ne3) 45... exf4 (45... Rc2 $142 {[%csl Gc2][%cal Rh3g2]} 46. R3d2 exf4 47. Qxf4 Qe6) 46. Qd4 $2 (46. Nxf4 Qxh6 47. Rxd6 Nh3+ 48. Kg2 Nxf4+ 49. Qxf4 Rc2+ 50. R1d2 Qxf4 51. gxf4) 46... Qe6 47. gxf4 Nxe4 {White must now prevent ...Qg4+.} 48. Re3 $2 (48. Kf1 Nc3 49. Nxc3 bxc3 50. Re3) 48... Qg4+ {Black is clearly winning.} 49. Kf1 Rc1 50. Qa7+ Rc7 $1 {Precision: White = 25%, Black = 43%.} 0-1

[Event "7th RTU Open 2017"]
[Site "Riga"]
[Date "2017.08.13"]
[Round "9"]
[White "Meskovs, Nikita"]
[Black "Krivonosov, Oleg"]
[Result "1-0"]
[WhiteElo "2495"]
[BlackElo "2397"]
[Annotator "TA"]
[PlyCount "76"]
[EventDate "2017.??.??"]
[EventType "swiss"]
[EventCountry "LAT"]
[SourceTitle "playchess.com"]
[Source "ChessBase"]
[SourceQuality "1"]

{[%evp 14,76,0,-2,4,-8,-9,-8,0,0,0,-18,0,-15,-16,-20,0,0,0,0,13,0,15,19,42,36,60,67,58,72,64,64,68,57,60,58,125,129,147,74,78,58,56,5,40,31,42,24,26,23,56,56,56,56,135,98,132,138,196,199,246,237,229,217,214]} 1. Nf3 d5 2. g3 c6 3. Bg2 Bg4 4. O-O Nd7 5. d3 Ngf6 6. Qe1 e5 7. h3 {A07: Réti Opening: New York and Capablanca Systems} (7. e4 dxe4 8. dxe4 Qc7 9. Nbd2 Nc5 10. a4 a5 11. Nc4 Nfd7 12. Bd2 b6 13. Ne3 Bh5 14. Nh4 f6 15. Kh1 Ne6 16. f4 {½-½ (25) Sasikiran,K (2688)-Sunilduth Lyna,N (2564) Helsingor 2017}) 7... Bxf3 8. Bxf3 {LiveBook: 7 Games} a5 9. a4 $146 {The position is equal.} ({Predecessor:} 9. Nc3 Bd6 10. e4 dxe4 11. Nxe4 Nxe4 12. dxe4 O-O 13. Be3 Qe7 14. Rd1 Rfd8 {½-½ (40) Gross,S (2330)-Pachman,L (2370) Bayern 1993}) 9... Qc7 (9... Bb4 $5 {[%cal Rb4e1]} 10. c3 Bc5 $11) 10. Nd2 Bb4 11. e4 O-O 12. Qe2 Rfe8 13. Nb3 h6 14. c3 Bf8 (14... Bc5 $5) 15. Be3 b6 16. Bg2 Rad8 (16... Nc5 $5 {[%cal Rc5b3]} 17. Qc2 Ne6 $11) 17. Rfd1 Nc5 18. Nxc5 Bxc5 19. d4 $36 {[%mdl 2048] White is more active.} Bf8 20. dxe5 $1 Nxe4 21. Bxe4 dxe4 22. Rxd8 Rxd8 {[#]} 23. e6 $1 {[%mdl 512]} fxe6 24. Qc4 Rd5 (24... Qe5 $14) 25. Qxe4 $16 e5 26. Qg6 (26. b4 $142) 26... Rd6 27. Qe8 c5 28. Kh2 ({White should play} 28. h4 $14) 28... Qe7 (28... Qf7 $5 {[%cal Rf7e8]} 29. Qxf7+ (29. Qxe5 Qb3 $14) 29... Kxf7 $11) 29. Qb5 Qf7 30. Re1 Qd5 31. h4 (31. Bc1 {feels hotter.} Qf3 32. Qc4+ Kh7 33. Qf1 Re6 34. Qe2) 31... Qd3 32. Qxd3 Rxd3 $14 {[%mdl 4096] Endgame KRB-KRB} 33. Kg2 e4 (33... Rd7 $14) 34. Bc1 Bd6 35. Kf1 {White is clearly better.} h5 (35... Kf7 $16 {keeps fighting.}) 36. Rxe4 $18 Kf7 37. Ke2 Rd5 38. Bg5 Bf8 {Precision: White = 70%, Black = 41%.} 1-0

[Event "7th RTU Open 2017"]
[Site "Riga"]
[Date "2017.08.13"]
[Round "9"]
[White "Valsecchi, Alessio"]
[Black "Gluhovsky, Mark"]
[Result "1-0"]
[WhiteElo "2493"]
[BlackElo "2281"]
[Annotator "TA"]
[PlyCount "99"]
[EventDate "2017.??.??"]
[EventType "swiss"]
[EventCountry "LAT"]
[SourceTitle "playchess.com"]
[Source "ChessBase"]
[SourceQuality "1"]

{[%evp 22,99,39,38,56,39,46,42,47,47,117,126,124,120,125,121,130,150,136,148,152,146,133,131,134,129,136,122,122,74,110,109,105,98,99,104,105,101,105,106,183,146,197,134,242,245,417,349,417,414,383,388,477,475,608,606,598,555,480,574,505,327,282,129,235,245,245,240,227,196,29991,29992,29993,29994,29994,29994,29994,29995,29995,29993]} 1. d4 Nf6 2. c4 g6 3. Nf3 Bg7 4. g3 d6 5. Bg2 O-O 6. Nc3 Nbd7 7. O-O e5 8. e4 c6 9. h3 Re8 10. Re1 exd4 11. Nxd4 Nc5 12. Rb1 {LiveBook: 67 Games. E69: King's Indian: Fianchetto: 6...Nbd7 7 0-0 e5 8 e4 c6 9 h3} h5 $146 ({Predecessor:} 12... a5 13. Bf4 a4 14. Qc2 Nfd7 15. Red1 Ne5 16. b4 axb3 17. axb3 Qb6 18. Be3 Qb4 19. Nce2 Ned7 20. Kh2 Nf6 21. f3 Ncd7 22. Bd2 Qb6 23. b4 Qc7 24. Bc3 Ne5 25. Bb2 Ra2 26. Qb3 {½-½ (57) Wojtaszek,R (2726)-Jobava,B (2707) Warsaw 2010}) 13. Bg5 Ne6 14. Nxe6 {White is slightly better.} Bxe6 15. c5 {Black must now prevent Qf3.} Qc8 (15... Qd7 $14) 16. cxd6 $16 Bxh3 17. e5 Nh7 18. Be7 Bf5 19. Rc1 Qd7 20. Na4 Rxe7 21. Nc5 ({Don't take} 21. dxe7 Qxe7 22. Qd6 Re8 $14) 21... Qd8 22. dxe7 Qxe7 23. Qd6 Re8 24. Qxe7 Rxe7 25. Rcd1 b6 26. Rd8+ Nf8 27. Nd3 c5 28. Be4 $36 {[%mdl 2048] White has strong initiative.} Be6 29. a3 Bc4 30. f4 Bb5 (30... Kh7 $16) 31. b4 c4 (31... Kh7 $16 32. bxc5 Ne6) 32. Nb2 (32. Nf2 $18) 32... Rc7 (32... h4 $16) 33. Nd1 $18 Bh6 $2 {[#]} (33... Bd7 {was necessary.} 34. Ne3 Be6) 34. Nc3 Bc6 35. Bxc6 Rxc6 36. Ra8 Kg7 37. Rxa7 h4 38. b5 Re6 39. Re4 hxg3 40. Kg2 Re8 41. Nd5 Rd8 42. Ne3 ({Much less strong is} 42. Nxb6 $6 c3 $18) (42. Rxc4 Rxd5 43. Rcc7 Ne6 $16) (42. Nc7 $18 {and the rest is easy.}) 42... c3 (42... Ne6 $16) 43. e6 ({Not} 43. Kxg3 Ne6 $14) 43... Nxe6 44. Rxe6 Bxf4 45. Kf3 g5 $2 {[#]} (45... Bb8 $18) 46. Nf5+ {White mates.} Kh8 47. Rxf7 Be5 48. Rxe5 g4+ 49. Kxg3 c2 50. Rc7 {Precision: White = 76%, Black = 45%.} 1-0

[Event "7th RTU Open 2017"]
[Site "Riga"]
[Date "2017.08.13"]
[Round "9"]
[White "Pavlov, Sergey"]
[Black "Kovchan, Alexander"]
[Result "1/2-1/2"]
[WhiteElo "2475"]
[BlackElo "2587"]
[Annotator "TA"]
[PlyCount "19"]
[EventDate "2017.??.??"]
[EventType "swiss"]
[EventCountry "LAT"]
[SourceTitle "playchess.com"]
[Source "ChessBase"]
[SourceQuality "1"]

{[%evp 18,19,25,0]} 1. e4 c5 2. Nf3 d6 3. d4 cxd4 4. Nxd4 Nf6 5. Nc3 a6 6. Be3 $146 ({Predecessor:} 6. f3 e5 7. Nb3 Be6 8. Be3 h5 9. Nd5 Bxd5 10. exd5 Nbd7 11. Qd2 g6 12. O-O-O Nb6 13. Qa5 Bh6 14. Bxh6 Rxh6 15. Qd2 Rh8 16. f4 exf4 17. Qxf4 {½-½ (57) Ponomariov,R (2699)-Wang,H (2698) Danzhou 2017}) 6... Ng4 7. Bc1 Nf6 8. Be3 Ng4 9. Bc1 Nf6 10. Be3 1/2-1/2

[Event "7th RTU Open 2017"]
[Site "Riga"]
[Date "2017.08.13"]
[Round "9"]
[White "Tang, Andrew"]
[Black "Zakhartsov, Viacheslav V"]
[Result "1/2-1/2"]
[WhiteElo "2475"]
[BlackElo "2539"]
[Annotator "TA"]
[PlyCount "101"]
[EventDate "2017.??.??"]
[EventType "swiss"]
[EventCountry "LAT"]
[SourceTitle "playchess.com"]
[Source "ChessBase"]
[SourceQuality "1"]

{[%evp 26,101,-24,-27,-29,-38,-27,-33,-8,-14,-11,-36,-19,-44,0,0,0,0,-7,0,-7,-19,-1,-29,0,-31,-6,-9,-8,-5,0,0,0,0,-6,-72,0,0,0,-1,-1,-2,-2,-2,21,21,21,21,21,21,21,21,21,21,21,20,21,21,21,21,21,21,21,20,20,20,20,20,21,20,21,0,0,0,8,8,8,0]} 1. d4 Nf6 2. Bf4 g6 3. e3 Bg7 4. Nf3 d6 5. h3 O-O 6. Be2 Nbd7 7. O-O b6 8. a4 a5 9. Nbd2 Bb7 10. c3 Re8 {A48: 1 d4 Nf6 2 Nf3 g6: Torre, London and Colle Systems} 11. Bh2 e5 12. dxe5 dxe5 13. Nc4 (13. Qc2 Qe7 14. Rfd1 Red8 15. Bg3 Ne8 16. Nc4 f6 17. Nfd2 Bf8 18. Rdb1 {0-1 (60) Cori Tello,J (2609)-Salgado Lopez,I (2662) Baku 2016}) 13... Ne4 14. Qc2 {LiveBook: 3 Games} Qe7 15. Rad1 Rad8 $146 ({Predecessor:} 15... Nec5 16. Nfd2 Bc6 17. Ra1 f6 18. Bf3 e4 19. Be2 Nf8 {½-½ (59) Baron,M (2302)-Bourmistrov,D (2193) Melbourne 2003}) 16. Rfe1 Ng5 17. Ncd2 Nc5 18. Nxg5 (18. b4 $5 {[%cal Rb4c5]} Nxf3+ 19. Bxf3 Bxf3 20. Nxf3 axb4 21. cxb4 $11) 18... Qxg5 {[%csl Gb7][%cal Rg5g2] [#]} 19. Bg3 Qe7 20. b4 axb4 21. cxb4 Na6 22. Bxa6 Bxa6 23. b5 Bb7 24. Nf3 Bf6 25. Qc3 Rxd1 26. Rxd1 Kg7 27. Rc1 Qe6 28. a5 bxa5 29. Qxa5 h5 {aiming for ...Bxf3.} 30. Qa4 {[#]} ({Wrong is} 30. Rxc7 $2 Bxf3 31. gxf3 h4 $17) ({Avoid the trap} 30. Qxc7 $2 Rc8 $19) (30. Bh4 $11 {keeps the balance.}) 30... Ra8 (30... Bxf3 $1 $17 31. gxf3 Qxh3) 31. Qc4 $11 {The position is equal.} Qxc4 32. Rxc4 Ra1+ (32... Bxf3 $5 33. gxf3 Ra5 $11) 33. Kh2 Bxf3 34. gxf3 h4 35. Bxh4 Bxh4 36. Rxh4 {[%mdl 4096] Endgame KR-KR} Rb1 37. Rc4 Rxb5 38. Rxc7 Rb4 39. Kg3 g5 40. Rc1 (40. Re7 $5 {[%cal Re7e5]} Kf6 41. Re8 $14) 40... Kg6 41. e4 (41. Rc5 $5 {[%cal Rc5e5]}) 41... Rb3 42. Rc6+ f6 43. Rc1 Ra3 44. Kg4 Ra2 45. Rf1 Ra4 46. Kg3 Ra3 47. Rh1 Rb3 48. h4 gxh4+ 49. Rxh4 Ra3 50. Kg2 Ra4 51. Rh1 {Precision: White = 63%, Black = 60%.} 1/2-1/2

[Event "7th RTU Open 2017"]
[Site "Riga"]
[Date "2017.08.13"]
[Round "9"]
[White "Baldauf, Marco"]
[Black "Braun, Arik"]
[Result "1-0"]
[WhiteElo "2460"]
[BlackElo "2577"]
[Annotator "TA"]
[PlyCount "61"]
[EventDate "2017.??.??"]
[EventType "swiss"]
[EventCountry "LAT"]
[SourceTitle "playchess.com"]
[Source "ChessBase"]
[SourceQuality "1"]

{[%evp 14,61,21,33,36,36,36,33,42,32,53,21,35,36,66,69,95,90,81,80,79,78,74,66,92,56,70,51,43,43,51,51,58,52,66,59,73,78,103,104,103,104,152,134,151,145,212,142,458,443]} 1. Nf3 g6 2. d4 Bg7 3. c4 d6 4. e4 Nc6 5. Be2 Bg4 6. Nbd2 Nf6 7. d5 {A41: 1 d4 d6: Tartakower System and Modern Defence} Nb8 8. O-O {LiveBook: 8 Games} (8. Qc2 Na6 9. h3 Bd7 10. Nb1 c6 11. Nc3 cxd5 12. exd5 O-O 13. Be3 Nc5 14. Nd4 e5 {1-0 (31) Gelfand,B (2721)-Stefanova,A (2512) Caleta 2017}) 8... Bxf3 9. Bxf3 {White is slightly better.} Nbd7 10. g3 $146 ({Predecessor:} 10. Qc2 O-O 11. Nb1 c6 12. Nc3 Qc7 13. b3 Ne5 14. Be2 b5 {0-1 (67) Banusz,T (2599)-Zaragatski,I (2467) Deizisau 2013}) 10... O-O 11. Bg2 a5 12. Rb1 c6 13. b3 Ne8 14. Nf3 Nc7 15. Re1 Na6 16. Be3 Qc7 17. Qe2 Rfe8 18. Nd4 e5 19. dxe6 fxe6 20. Red1 e5 21. Nc2 Nf6 22. Rd2 Nc5 23. f3 Rad8 24. Rbd1 Qe7 25. Bh3 h5 26. Ne1 b6 27. Bg5 Na6 28. Qe3 c5 29. Nc2 Nb8 (29... Nb4 $16 {might work better.} 30. Nxb4 axb4) 30. Qd3 Nc6 $2 {[%mdl 8192] [#]} (30... Kh7 $16 {is tougher.}) 31. Bxf6 $1 {Precision: White = 78%, Black = 38%.} 1-0